Avengers: Endgame Characters - Statistics

General Stats
  • This quiz has been taken 72 times
    26 since last reset
  • The average score is 29 of 43
Answer Stats
Hint Answer % Correct
Scarlett Johansson Black Widow
100%
Mark Ruffalo Hulk
100%
Robert Downey Jr Iron Man
100%
Chris Evans Captain America
95%
Jeremy Renner Hawkeye
95%
Tom Holland Spider-Man
95%
Chris Hemsworth Thor
95%
Dave Bautista Drax
91%
Zoe Saldaña Gamora
91%
Vin Diesel Groot
91%
Bradley Cooper Rocket Raccoon
91%
Chris Pratt Star-Lord
91%
Paul Rudd Ant-Man
86%
Brie Larson Captain Marvel
86%
Benedict Cumberbatch Doctor Strange
86%
Chadwick Boseman Black Panther
82%
Josh Brolin Thanos
82%
Don Cheadle War Machine
82%
Karen Gillan Nebula
77%
Elizabeth Olsen Wanda Maximoff
77%
Evangeline Lilly Wasp
77%
Sebastian Stan Winter Soldier
77%
Pom Klementieff Mantis
73%
Benedict Wong Wong
73%
Gwyneth Paltrow Rescue
68%
Letitia Wright Shuri
68%
Tessa Thompson Valkyrie
59%
Danai Gurira Okoye
55%
Jon Favreau Happy Hogan
50%
Taika Watiti Korg
45%
Ross Marquand Red Skull
45%
Tilda Swinton Ancient One
41%
Hayley Atwell Peggy Carter
41%
Tom Vaughan-Lawlor Ebony Maw
36%
Dominic Cooper Howard Stark
36%
Seth Green Howard the Duck
36%
Lexi Rabe Morgan Stark
36%
Carrie Coon Proxima Midnight
36%
Michael Shaw Corvus Glaive
32%
Jesse Burch Cull Obsidian
32%
Sean Gunn Kraglin Obfonteri
32%
Jacob Batalon Ned Leeds
32%
Emma Fuhrman Cassie Lang
18%
No matching quizzes found
Score Distribution
Percent of People with Each Score
Percentile by Number Answered
Your Score History
You have not taken this quiz since the last reset